Cuentos de sima y cima (Registro nro. 16982)
[ vista simple ]
| 000 -CABECERA | |
|---|---|
| Longitud fija campo de control | 00641nam a22001937a 4500 |
| 003 - IDENTIFICADOR DELl NÚMERO DE CONTROL | |
| Identificador del número de control | OSt |
| 005 - FECHA Y HORA DE LA ÚLTIMA TRANSACCIÓN | |
| Fecha y hora de la última transacción | 20150306213002.0 |
| 008 - CÓDIGOS DE INFORMACIÓN DE LONGITUD FIJA | |
| Códigos de información de longitud fija | 141218b xxu||||| |||| 00| 0 eng d |
| 040 ## - FUENTE DE LA CATALOGACIÓN | |
| Centro transcriptor | BMC |
| 082 ## - NÚMERO DE LA CLASIFICACIÓN DECIMAL DEWEY | |
| Númeroo de clasificación | 808.0687284 |
| 100 1# - PUNTO DE ACCESO PRINCIPAL-NOMBRE DE PERSONA | |
| 9 (RLIN) | 108 |
| Nombre de persona | Ibarra, Cristóbal Humberto |
| Fechas asociadas al nombre | 1920-1988 |
| 245 10 - MENCIÓN DE TÍTULO | |
| Título | Cuentos de sima y cima |
| Mención de responsabilidad, etc. | Cristóbal Humberto Ibarra ; [prólogo de Miguel Ángel Asturias] |
| 250 ## - MENCIÓN DE EDICIÓN | |
| Mención de edición | 2ª ed |
| 260 ## - PUBLICACIÓN, DISTRIBUCIÓN, ETC. (PIE DE IMPRENTA) | |
| Lugar de publicación, distribución, etc. | San Salvador |
| Nombre del editor, distribuidor, etc. | Ministerio de Educación, Dirección de Publicaciones |
| Fecha de publicación, distribución, etc. | 1977 |
| 300 ## - DESCRIPCIÓN FÍSICA | |
| Extensión | 169 p., 1 h. |
| Dimensiones | 18 cm |
| 650 24 - PUNTO DE ACCESO ADICIONAL DE MATERIA - TÉRMINO DE MATERIA | |
| 9 (RLIN) | 29639 |
| Término de materia o nombre geográfico como elemento inicial | Cuentos salvadoreños |
| 700 1# - PUNTO DE ACCESO ADICIONAL - NOMBRE DE PERSONA | |
| 9 (RLIN) | 878 |
| Nombre de persona | Asturias, Miguel Ángel |
| Fechas asociadas al nombre | 1899-1974 |
| 942 ## - ENTRADA DE ELEMENTOS AGREGADOS (KOHA) | |
| Fuente de clasificaión o esquema | Dewey Decimal Classification |
| Koha [por defecto] tipo de item | 1- Monografias |
| Suprimido | Perdido | Fuente de clasificación o esquema | Estropeado | Restricciones de uso | No para préstamo | Código de colección | Localización permanente | Localización actual | Localización en estanter&íacute;as | Fecha adquisición | Fuente de adquisición | Número de inventario | Préstamos totales | Signatura completa | Código de barras | Fecha última consulta | Coste, precio reemplazado | Fecha del precio de reemplazo | Tipo de item de Koha |
|---|---|---|---|---|---|---|---|---|---|---|---|---|---|---|---|---|---|---|---|
| NULL | NULL | Dewey Decimal Classification | NULL | Prestable | NULL | NULL | Biblioteca Miguel de Cervantes - UNICAES | Biblioteca Miguel de Cervantes - UNICAES | Sala Principal | 09/06/2003 | Donación - Mauricio Menéndez | 026393 | C IBA cue | 1026803 | 06/01/2015 | 5.90 | 06/01/2015 | 1- Monografias |